Every Bee Gees song that hit the Billboard hot 100 - Statistics

General Stats
  • This quiz has been taken 269 times
  • The average score is 13 of 43
Answer Stats
Peak Chart Position Year Song % Correct
1 1978 Stayin' Alive
90%
1 1978 Night Fever
80%
1 1979 Tragedy
76%
1 1977 How Deep Is Your Love
72%
1 1975 Jive Talkin'
69%
11 1967 (The Lights Went Out In) Massachusetts
62%
1 1976 You Should Be Dancing
60%
6 1969 I Started A Joke
58%
1 1979 Too Much Heaven
54%
14 1967 New York Mining Disaster 1941 (Have You Seen My Wife, Mr. Jones)
49%
7 1975 Nights On Broadway
48%
15 1968 Words
48%
75 1987 You Win Again
44%
1 1971 How Can You Mend A Broken Heart
40%
17 1967 To Love Somebody
39%
7 1989 One
37%
12 1976 Fanny (Be Tender With My Love)
34%
3 1971 Lonely Days
34%
28 1997 Alone
29%
1 1979 Love You Inside Out
28%
16 1972 Run To Me
27%
3 1976 Love So Right
26%
16 1967 Holiday
25%
8 1968 I've Gotta Get A Message To You
23%
73 1969 Don't Forget To Remember
17%
37 1969 First Of May
17%
16 1972 My World
15%
94 1970 I.O.I.O.
12%
12 1977 Boogie Child
11%
57 1968 Jumbo
11%
45 1981 Living Eyes
11%
30 1981 He's A Liar
10%
93 1974 Mr. Natural
10%
74 1993 Paying The Price Of Love
10%
26 1977 Edge Of The Universe
6%
34 1972 Alive
5%
57 1997 Still Waters (Run Deep)
5%
54 1969 Tomorrow Tomorrow
5%
24 1983 The Woman In You
4%
53 1971 Don't Wanna Live Inside Myself
3%
94 1973 Saw A New Morning
3%
49 1983 Someone Belonging To Someone
2%
91 1970 If Only I Had My Mind On Something Else
1%
No matching quizzes found
Score Distribution
Percent of People with Each Score
Percentile by Number Answered
Your Score History
You have not taken this quiz